Intranets: the new facilities weapon? (Record no. 71218)

MARC details
000 -LEADER
fixed length control field 00762cam a2200205 4500
001 - CONTROL NUMBER
control field ABS65940
008 - FIXED-LENGTH DATA ELEMENTS--GENERAL INFORMATION
fixed length control field 020925n2002 000 0 eng u
035 ## - SYSTEM CONTROL NUMBER
System control number (Sirsi) u119836
100 ## - MAIN ENTRY--PERSONAL NAME
Personal name Booty, F
245 ## - TITLE STATEMENT
Title Intranets: the new facilities weapon?
260 ## - PUBLICATION, DISTRIBUTION, ETC.
Date of publication, distribution, etc. 2002
490 ## - SERIES STATEMENT
Series statement Facilities Management
Volume/sequential designation 9(11) August 2002, 20-22(3)
520 ## - SUMMARY, ETC.
Summary, etc. Looks at ways facilities managers can take control of their customer base by using a company intranet. Recommends some of the information that can be promoted via such a site to counter the services offered by online service providers.Case studies.
590 ## - LOCAL NOTE (RLIN)
Local note ABS
650 ## - SUBJECT ADDED ENTRY--TOPICAL TERM
Topical term or geographic name entry element INTRANETS
650 ## - SUBJECT ADDED ENTRY--TOPICAL TERM
Topical term or geographic name entry element INTERNET
650 ## - SUBJECT ADDED ENTRY--TOPICAL TERM
Topical term or geographic name entry element COMMUNICATIONS
690 ## - LOCAL SUBJECT ADDED ENTRY--TOPICAL TERM (OCLC, RLIN)
Topical term or geographic name as entry element MANAGEMENT-FACILITIES MANAGEMENT
942 ## - ADDED ENTRY ELEMENTS (KOHA)
Suppress in OPAC 0
Holdings
Withdrawn status Lost status Source of classification or shelving scheme Damaged status Not for loan Home library Current library Shelving location Date acquired Total Checkouts Full call number Barcode Date last seen Copy number Price effective from Koha item type
    Dewey Decimal Classification     London London Journal article 25/09/2002   ABS65940 119836-1001 06/08/2019 1 06/08/2019 Journal article